| 000 | 00496cam a2200205ua 4500 | ||
|---|---|---|---|
| 001 | 8241 | ||
| 005 | 20260515114317.0 | ||
| 008 | 150113n ii |||gr||||Z||||||hin | ||
| 040 | _cMAIN | ||
| 041 | _ahin | ||
| 082 | _a891.434 | ||
| 100 |
_aPandey, S., _eAuthor. |
||
| 245 | 1 |
_aKriti aur kritikar _cBy Sudhakar Pandey |
|
| 250 | _a1st. | ||
| 260 |
_aVaranasi: _bSanjay, _c1989. |
||
| 300 | _a186p. | ||
| 653 | _aEast Indo-European & Celtic literatures | ||
| 653 | _aHindi essays | ||
| 942 | _cBK | ||
| 999 |
_c7351 _d7351 |
||